Nursery Rhyme - Sing a Song of Sixpence - Statistics

General Stats
  • This quiz has been taken 88 times
  • The average score is 64 of 78
Answer Stats
% Correct
a
100%
a
100%
a
100%
a
100%
a
100%
Sing
100%
sing--
100%
of
99%
of
99%
sixpence,
99%
song
99%
full
95%
pocket
95%
and
93%
and
93%
and
93%
in
93%
in
93%
in
93%
in
93%
the
92%
The
92%
the
92%
The
92%
the
92%
The
92%
the
92%
The
92%
the
92%
the
92%
baked
91%
Four
91%
pie.
91%
pie
91%
twenty
91%
blackbird
89%
to
89%
to
89%
king?
88%
king
88%
rye,
88%
was
86%
was
86%
was
86%
was
86%
When
85%
began
84%
birds
84%
blackbirds
84%
before
78%
opened
78%
queen
77%
money,
72%
that
72%
Wasn't
72%
counting-
70%
Counting
70%
his
70%
bread
69%
out
69%
out
69%
set
69%
dish
68%
house
68%
Eating
66%
honey,
65%
her
64%
nose.
64%
off
61%
came
59%
dainty
59%
garden
59%
maid
59%
clothes.
58%
Hanging
58%
parlor
49%
Along
31%
snipped
12%
No matching quizzes found
Score Distribution
Percent of People with Each Score
Percentile by Number Answered
Your Score History
You have not taken this quiz